पुनर्मिलन: (Record no. 149644)
[ view plain ]
| 000 -LEADER | |
|---|---|
| fixed length control field | 01156nam a22002177a 4500 |
| 005 - DATE AND TIME OF LATEST TRANSACTION | |
| control field | 20180202101902.0 |
| 010 ## - LCCN (DPL NO) | |
| LC control number | B-667085 |
| 020 ## - INTERNATIONAL STANDARD BOOK NUMBER | |
| International Standard Book Number | 9788190959971 |
| Terms of availability | 395.00 |
| 035 ## - SYSTEM CONTROL NUMBER | |
| System control number | B-667085 |
| 037 ## - SOURCE OF ACQUISITION | |
| Source of stock number/acquisition | जनवाणी प्रकाशन |
| 082 ## - DEWEY DECIMAL CLASSIFICATION NUMBER | |
| Classification number | उ |
| 100 ## - MAIN ENTRY--PERSONAL NAME | |
| Personal name | आशापूर्णा देवी |
| 245 ## - TITLE STATEMENT | |
| Title | पुनर्मिलन: |
| Statement of responsibility, etc | आशापूर्णा देवी ;ममता खरे द्वारा अनुदित |
| Remainder of title | फिर मिल गए / |
| 246 ## - VARYING FORM OF TITLE | |
| Title proper/short title | Punarmilan: phir mil gay/ |
| Remainder of title | ed. by Aashapurna Devi Mamata Khare |
| 260 ## - PUBLICATION, DISTRIBUTION, ETC. (IMPRINT) | |
| Place of publication, distribution, etc | दिल्ली |
| Name of publisher, distributor, etc | शिक्षा किरण |
| Date of publication, distribution, etc | 2016 |
| 270 ## - ADDRESS | |
| Address | 6/85, कडकड़ी रोड शाहदरा |
| City | दिल्ली |
| Postal code | 110032 |
| 300 ## - PHYSICAL DESCRIPTION | |
| Extent | 166पृ |
| Dimensions | 22सेमी (सजिल्द) |
| 700 ## - ADDED ENTRY--PERSONAL NAME | |
| Personal name | खरे, ममता |
| 9 (RLIN) | 18567 |
| 942 ## - ADDED ENTRY ELEMENTS (KOHA) | |
| Source of classification or shelving scheme | Dewey Decimal Classification |
| Item type | Hindi Books |
| Call number suffix | आशापू |
| Classification part | उ |
| Withdrawn status | Lost status | Not for loan | Collection code | Home library | Current library | Date acquired | Source of acquisition | Cost, normal purchase price | Full call number | Barcode | Copy number | Cost, replacement price | Koha item type |
|---|---|---|---|---|---|---|---|---|---|---|---|---|---|
| Fiction | Ashok Vihar | Ashok Vihar | 02/02/2018 | जनवाणी प्रकाशन/6393/03.03.17/480/16.02.17/10.03.17 | 395.00 | उ आशापू | B-667085 | 1 | 395.00 | Hindi Books |
